| 000 | 00360pab a2200145 454500 | ||
|---|---|---|---|
| 008 | 180718b1996 xxu||||| |||| 00| 0 eng d | ||
| 100 | _aAgnes, Flavia | ||
| 245 | _aEconomic rights of women in Islamic law | ||
| 260 | _c1996 | ||
| 300 | _ap.2832-838 | ||
| 362 | _a12 Oct | ||
| 650 | _aIslamic law | ||
| 773 | _aEconomic and Political Weekly | ||
| 909 | _a32322 | ||
| 999 |
_c32322 _d32322 |
||